Študijný program Obchodnej fakulty VŠE v Bratislave školský rok 1977-78

Guardado en:
Detalles Bibliográficos
Formato: Libro
Lenguaje:eslovaco
Publicado: Bratislava Rektorát VŠE 1977
Materias:
Etiquetas: Agregar Etiqueta
Sin Etiquetas, Sea el primero en etiquetar este registro!

MARC

LEADER 00000nam a2200000 4500
001 c121511
005 20250520132434.1
041 0 |a slo 
044 |a SK 
245 1 0 |a Študijný program Obchodnej fakulty VŠE v Bratislave  |b školský rok 1977-78 
264 1 |a Bratislava  |b Rektorát VŠE  |c 1977 
300 |a 80 s. 
610 2 0 |a školy vysoké 
610 2 0 |a univerzity 
610 2 0 |a vzdelanie vysokoškolské 
610 2 0 |a plán učebný 
610 2 0 |a programy študijné 
610 2 0 |a Vysoká škola ekonomická v Bratislave